| 000 | 00576cam a2200157 i 4500 | ||
|---|---|---|---|
| 082 | 0 | 0 |
_a666.893 _bCEM _cL-21, P-64 |
| 110 | 2 |
_aCement Admixtures Association. _944897 |
|
| 245 | 1 | 0 |
_aConcrete admixtures : _buse and applications / _cedited by M. R. Rixom on behalf of the Cement Admixtures Association. |
| 260 |
_aLancaster [Eng.] ; _aNew York : _bConstruction Press, _c1977. |
||
| 300 |
_a87 p. : _bill. ; _c31 cm. |
||
| 526 |
_a0 _b0 _c0 _d666_893000000000000_CEM |
||
| 650 | 0 |
_aConcrete _xAdditives. _9565 |
|
| 650 | 0 |
_aMCE _9379 |
|
| 700 | 1 |
_aRixom, M. R. _941033 |
|
| 942 |
_2ddc _cBK |
||
| 999 |
_c548548 _d548548 |
||